000 00290nam a2200121Ia 4500
008 190216s9999||||xx |||||||||||||| ||und||
100 _aLawrence A Appley
245 0 _aManagement In Action
260 _bAllied Publishers Limited
_c1956
300 _a382p
650 _aCommerce
942 _cBK
999 _c4679
_d4679